Las virtudes : máximas /

Raimundo Lulio (ca. 1232-ca. 1316), escritor, filósofo, teólogo, divulgador científicos y misionero español. Nacido en Mallorca en una época crucial de la historia española, se nutrió de las culturas cristiana, islámica y judía, formándose en el contexto de un conocimiento muy particular del mundo y...

Πλήρης περιγραφή

Αποθηκεύτηκε σε:
Λεπτομέρειες βιβλιογραφικής εγγραφής
Κύριος συγγραφέας: Lulio, Raimundo (autor)
Μορφή: Βιβλίο
Γλώσσα:Ισπανικά
Σειρά:(Joyas de la Mística Española ; 17)
Θέματα:
Ετικέτες: Προσθήκη ετικέτας
Δεν υπάρχουν, Καταχωρήστε ετικέτα πρώτοι!

MARC

LEADER 00000nam^a2200000^a^4500
001 000380907
005 20250526000000.0
009 20260310120625.013
037 |a Acervo Xavier Clavigero 
041 |a ESP 
082 |a 248. 22  |b JOY V. 17 
100 |a Lulio, Raimundo  |e (autor) 
245 1 4 |a Las virtudes :  |b máximas /  |c R. Lulio. 
264 |a Madrid, España :  |b La España,  |c copyright fecha no identificada 
300 |a 176 p. ;  |c 12.5 cm. 
336 |a texto  |b txt  |2 rdacontenido 
337 |a sin mediación  |b n  |2 rdamedio 
338 |a volumen  |b nc  |2 rdasoporte 
440 1 |a (Joyas de la Mística Española ;  |v 17) 
501 |a Encuadernación particular 
520 |a Raimundo Lulio (ca. 1232-ca. 1316), escritor, filósofo, teólogo, divulgador científicos y misionero español. Nacido en Mallorca en una época crucial de la historia española, se nutrió de las culturas cristiana, islámica y judía, formándose en el contexto de un conocimiento muy particular del mundo y su producción cultural; él mismo se expresó en latín, árabe y catalán; al primero lo convirtió en una lengua para abordar los conocimientos filosóficos, científicos y técnicos, aunque utilizó el catalán para difundirlos; a éste, por otro lado, lo dotó de un lenguaje literario. Propuso un sistema de interpretación de la realidad visible e invisible, fundamento de la apologética; actualizó las filosofías platónica y aristotélica; su literatura propone temas contemporáneos; promovió escuelas de misioneros. Su obra científico-literaria, de carácter enciclopédico, comprende textos místicos, proverbios, versículos o metáforas de elevado tono poético, así como textos pedagógicos, teológicos, filosóficos y apologéticos; se cuentan 239 títulos conocidos, entre los que destacan: Ars magna generalis ultima; Libro de contemplación en Dios; Libro de Evast y de Aloma y de su hijo Blanquerna; Libro de maravillas; El libro del amigo y del amado; Canto de Ramón; Arbre la Sciencia. 
561 |a Ex libris de A. Espinosa M. Chavinda 
649 |a XX 
650 |a Máximas Españolas 
650 |a Virtudes Teologales 
650 |a Virtudes Cardinales 
650 |a Virtudes -  |x Tema Principal 
650 |a Vida Espiritual 
650 |a Vida Cristiana 
650 |a Misticismo Cristiano -  |z España 
650 |a Misticismo Cristiano -  |x Tema Principal 
650 |a Literatura Religiosa -  |z España 
650 |a Literatura Española -  |y Hasta 1500 
650 |a Etica Cristiana 
650 |a Catolicismo 
650 |a Cristianismo 
650 |a Religión 
910 |a Fondo General 
920 |a Impresos - Libros 
930 |a Libros Antiguos y Raros 
905 |a 108 
901 |a 0500275784  |b IT2  |c LRA  |u 20250526 
902 |a https://opac.biblio.iteso.mx/vufind/Record/000380907